| Registos Bibliográficos associados ao registo de autoridade |
|
Etiqueta de registo: 00254nam 2200025 450 001 2283730 003 http://id.bnportugal.gov.pt/bib/catbnp/2283730 010 ## $a978-989-33-9183-9 021 ## $aPT$b559285/26 100 ## $a20260406d2026 m y0pory01030103ba 101 0# $apor$aeng 102 ## $aPT 105 ## $ay z 100yy 106 ## $ar 200 1# $a O princípio da cooperação na formação, felicidade e futuro das nações$fConferência proferida na Convenção de Cooperativismo da Caixa de Crédito Agrícola
Mútuo de Torres Vedras$d The principle of cooperation in the formation, happiness, and future of nations$fConference delivered at the Convention on Cooperativism of Caixa de Crédito Agrícola
Mútuo de Torres Vedras$fRodrigo Sobral Cunha$gtrad. Fernando Silva$zeng 210 #9 $aTorres Vedras$cCaixa Agrícola de Torres Vedras$cAntónio José dos Santos,$d2026 215 ## $a76, [3] p.$d17 cm 225 2# $aProximidade 305 ## $aEd. bilingue em português e inglês 510 1# $a The principle of cooperation in the formation, happiness, and future of nations$zeng 675 ## $a316.42(042)$vBN$zpor$31223352 675 ## $a334.73(042)$vBN$zpor$31357767 675 ## $a330.5(042)$vBN$zpor$31822734 700 #1 $aCunha,$bRodrigo Sobral,$f1967-$31451984 702 #1 $92$aSilva,$bFernando$4730$3285714 712 12 $aConferência proferida na Convenção de Cooperativismo da Caixa de Crédito Agrícola
Mútuo, $eTorres Vedras,$f2024$31999002 801 #0 $aPT$bBN$gRPC 856 41 $uhttp://rnod.bnportugal.gov.pt/ImagesBN/winlibimg.aspx?skey=&doc=2283730&img=223263&save=true 966 ## $lBN$mFGMON$sS.C. 46689 P.$x1 971 ## $cabrito$d20260406 973 ## $cigoulao$d20260611
|
|
|